Find the US States - No Outlines Minefield Quiz Stats

 Plays Quiz Updated Dec 2, 2015

Also try: Find the US States
Challenge
Share
Tweet
Score 0/50 Timer 07:00
8,849 Plays Today
% Correct
???
30.7%
???
30.7%
???
30.6%
???
30.6%
???
30.4%
???
30.1%
???
29.8%
???
29.1%
???
29.1%
???
27.7%
???
27.6%
???
27.5%
???
27.3%
???
27.2%
???
27%
???
27%
???
26.8%
???
25.8%
???
25.7%
???
25%
???
24.4%
???
24.3%
???
24.2%
???
24.1%
???
23.9%
% Correct
???
23.6%
???
23.4%
???
23.4%
???
23.4%
???
23.3%
???
22.6%
???
22.2%
???
22%
???
21.3%
???
21.3%
???
21.1%
???
21%
???
20.7%
???
20.4%
???
20.2%
???
20.2%
???
20.1%
???
19.8%
???
19.6%
???
19.4%
???
19.1%
???
18.9%
???
18.9%
???
18.5%
???
18.4%

You're not logged in!

Compare scores with friends on all Sporcle quizzes.
Join for Free
OR
Log In

Sporcle TV

Playing Find the US States Minefield Quiz


Watch as Maria tries to find all the US States on a map without making a mistake. Make sure you watch through to the end!

You Might Also Like...

Show Comments

Extras

Top Quizzes Today


Score Distribution

Your Account Isn't Verified!

In order to create a playlist on Sporcle, you need to verify the email address you used during registration. Go to your Sporcle Settings to finish the process.

Report this User

Report this user for behavior that violates our Community Guidelines.

Details: